000 00705nam a2200253 i 4500
001 C2-0143879
003 PPAK
005 20180727130200.0
008 980118s1983 vaua|||| ||||| | eng d
020 _a0809443244
040 _aPPAK
_beng
_cPPAK
_erda
082 0 4 _a551.136
_223
090 0 0 _a551.136
_bMIL
_dR
100 1 _aMiller, Russell,
_eauthor
245 1 0 _aContinents in collision
264 1 _aVirginia :
_bTime-Life Books ,
_c1983
300 _a176 pages :
_bcolour illustrations ;
_c28 cm
336 _2rdacontent
_atext
337 _2rdamedia
_aunmediated
338 _2rdacarrier
_avolume
500 _aIncludes bibliography and index
650 1 0 _aPlate tectonics
942 _ddc
_cB
999 _c45297
_d45297